LEADER 01482nam 2200421 n 450 001 996386944203316 005 20221108084944.0 035 $a(CKB)1000000000616678 035 $a(EEBO)2240864171 035 $a(UnM)9927822100971 035 $a(UnM)99828123 035 $a(EXLCZ)991000000000616678 100 $a19950330d1680 uy | 101 0 $aeng 135 $aurbn||||a|bb| 200 14$aThe plain-man's plain path-way to heaven$b[electronic resource] $eDirecting every man how he may be saved. Very seasonable for these times 205 $aThe 57th. edition, with many additions. 210 $a[London?] $cPrinted by A.P. and T.H. for VV. Thackeray; T. Passinger, P. Brooksby, and J. VVilliamson$d[1680?] 215 $a[24] p. $cill. (woodcut) 300 $aBy John Hart. 300 $aSignatures: A B⁴. 300 $aPlace and date of publication from Wing. 300 $aWith a title page woodcut. 300 $aReproduction of the original in the Bodleian Library. 330 $aeebo-0018 606 $aSalvation$vEarly works to 1800 606 $aChristian life$xProtestant authors$vEarly works to 1800 615 0$aSalvation 615 0$aChristian life$xProtestant authors 700 $aHart$b John$cD.D.$0195672 801 0$bCu-RivES 801 1$bCu-RivES 801 2$bCStRLIN 801 2$bWaOLN 906 $aBOOK 912 $a996386944203316 996 $aThe plain man's plain path-way to heaven$92313181 997 $aUNISA LEADER 01451nam 2200385 n 450 001 996395941203316 005 20221108075433.0 035 $a(CKB)4330000000323540 035 $a(EEBO)2240947764 035 $a(UnM)99873498 035 $a(EXLCZ)994330000000323540 100 $a19851120d1641 uy | 101 0 $aeng 135 $aurbn||||a|bb| 200 13$aAn apology for a younger brother$b[electronic resource] $eor A discourse proving that parents may dispose of their estates to which of their children they please. /$fBy I. A. Written for the generall good of the kingdome 210 $aOxford $cPrinted by Leonard Lichfield for Edward Forrest$d1641 215 $a[10], 56 p 300 $aEpistle signed: J. A. 300 $aAttributed to Ap Robert by Madan, BM, and Halkett and Laing. 300 $aApparently a reprint of "The younger brother his apologie"--Cf. Madan. 300 $aReproduction of the original in the British Library. 330 $aeebo-0018 606 $aPrimogeniture$zEngland$vEarly works to 1800 606 $aInheritance and succession$zEngland$vEarly works to 1800 615 0$aPrimogeniture 615 0$aInheritance and succession 700 $aJ. A$g(John Ap Robert)$01001910 801 0$bCu-RivES 801 1$bCu-RivES 801 2$bCStRLIN 801 2$bWaOLN 906 $aBOOK 912 $a996395941203316 996 $aAn apology for a younger brother$92386507 997 $aUNISA LEADER 04520nam 22006735 450 001 9910300597103321 005 20240307130055.0 010 $a9783319791203 010 $a3319791206 024 7 $a10.1007/978-3-319-79120-3 035 $a(CKB)4100000004834866 035 $a(DE-He213)978-3-319-79120-3 035 $a(MiAaPQ)EBC5428736 035 $a(Perlego)3493668 035 $a(EXLCZ)994100000004834866 100 $a20180612d2018 u| 0 101 0 $aeng 135 $aurnn#008mamaa 181 $ctxt$2rdacontent 182 $cc$2rdamedia 183 $acr$2rdacarrier 200 10$aAusterity Policies $eBad Ideas in Practice /$fedited by Peter Rushton, Catherine Donovan 205 $a1st ed. 2018. 210 1$aCham :$cSpringer International Publishing :$cImprint: Palgrave Macmillan,$d2018. 215 $a1 online resource (XIII, 280 p.) 311 08$a9783030077310 311 08$a9783319791197 311 08$a3319791192 327 $a1. Introduction; Peter Rushton and Catherine Donovan -- Part One. Austerity: A Break with the Past? -- 2. Austerity: a Critical History of the Present; Peter Rushton -- 3. Austerity and the Undermining of Democracy; Ilona Buchroth and Linda Hetherington -- 4. Mothering in an Age of Austerity; Sheila Quaid -- Part Two.Undermining Professionals -- 5. Austerity and De-Professionalisation; Nigel Malin -- 6. Inspecting 'Transforming Rehabilitation': The Pitfalls of an Austerity Managerialist Approach to Offender Supervision; Nicola Roberts -- 7. Poverty, Regulation and New Forms of Educational Exclusion; Kim Gilligan -- Part Three. Some Consequences of Twenty-First Century Austerity. - 8. Cutting the Ribbon? Austerity Measures and the Problems Faced by the HIV Third Sector; Drew Dalton -- 9. "Well That Would Be Nice, but We Can't do That in the Current Climate": Prioritising Services Under Austerity; Catherine Donovan and Matt Durey -- 10. Dangerous Times for Looked-After Children: Austerity Cuts Risking the Lives of the Most Vulnerable; Stephanie Hunter -- 11. The 'New Normal': Framing Vulnerability, Entitlement and Responsibility in Police Custody in Austere Times; Faye Cosgrove and Donna Peacock. . 330 $aThis book takes up the problems of social policy, state intervention and support in the hard times of austerity introduced by the Coalition government 2010-15, and continued under the Conservative government today. At a time when the economy is growing and pay levels finally rising, the necessity for more cuts in public expenditure is fiercely contested. The scope of state services, the levels of support for people in need, and the kinds of organizations that will deliver the services, will all be profoundly affected in coming years. The authors and editors assess some of these consequences visible now in the impact that expenditure cuts and reorganization have had on many areas of social policy, and explore the direction of change in the near future. Austerity Policies evaluates a wide range changing forms of state services and the transformations involving both the recipients and those delivering the services. It considers the past, present and future of austerity as a policy, and the problems affecting particular groups such as offenders, looked after children, and professionals such as social care workers and those engaged with domestic violence. The collection will be of interest to students and scholars of social policy, criminology, sociology, politics and media studies. . 606 $aWelfare state 606 $aEconomics$xSociological aspects 606 $aSocial service 606 $aPolitical sociology 606 $aSocial structure 606 $aEquality 606 $aWelfare 606 $aEconomic Sociology 606 $aSocial Care 606 $aPolitical Sociology 606 $aSocial Structure 615 0$aWelfare state. 615 0$aEconomics$xSociological aspects. 615 0$aSocial service. 615 0$aPolitical sociology. 615 0$aSocial structure. 615 0$aEquality. 615 14$aWelfare. 615 24$aEconomic Sociology. 615 24$aSocial Care. 615 24$aPolitical Sociology. 615 24$aSocial Structure. 676 $a361.65 702 $aRushton$b Peter$4edt$4http://id.loc.gov/vocabulary/relators/edt 702 $aDonovan$b Catherine$4edt$4http://id.loc.gov/vocabulary/relators/edt 906 $aBOOK 912 $a9910300597103321 996 $aAusterity Policies$92175771 997 $aUNINA